El Muro. Auras de Guerra: Intervenciones dentro del espacio público revolucionario nicaragüense. (Record no. 1666)

MARC details
000 -LEADER
campo de control de longitud fija 00592nam a22001457a 4500
008 - DATOS DE LONGITUD FIJA--INFORMACIÓN GENERAL
campo de control de longitud fija 181117b xxu||||| |||| 00| 0 eng d
020 ## - NÚMERO INTERNACIONAL ESTÁNDAR DEL LIBRO
Número Internacional Estándar del Libro 9788968899277
082 ## - NÚMERO DE LA CLASIFICACIÓN DECIMAL DEWEY
Número de clasificación 708
Número de ítem SA171m
100 ## - ENTRADA PRINCIPAL--NOMBRE DE PERSONA
Nombre de persona Salmerón, Ernesto
9 (RLIN) 3630
245 ## - MENCIÓN DEL TÍTULO
Título El Muro. Auras de Guerra: Intervenciones dentro del espacio público revolucionario nicaragüense.
260 ## - PUBLICACIÓN, DISTRIBUCIÓN, ETC.
Lugar de publicación, distribución, etc. San José, Costa Rica
Nombre del editor, distribuidor, etc. TEOR/éTica
Fecha de publicación, distribución, etc. 2007
300 ## - DESCRIPCIÓN FÍSICA
Extensión 98 p.
Otras características físicas il (col).
Dimensiones 6.3 x 14.2 cm
650 ## - PUNTO DE ACCESO ADICIONAL DE MATERIA--TÉRMINO DE MATERIA
Fuente del encabezamiento o término Arte contemporáneo
Subdivisión general Arte - exhibiciones
Subdivisión geográfica Arte - 52ª Bienal de Arte de Venecia
-- Arte - Nicaragua
9 (RLIN) 6779
700 ## - ENTRADA AGREGADA--NOMBRE PERSONAL
Nombre de persona Pérez-Rattón, Virginia
9 (RLIN) 580
Holdings
Estatus retirado Estado de pérdida Fuente del sistema de clasificación o colocación Estado de daño No para préstamo Biblioteca de origen Biblioteca actual Ubicación en estantería Fecha de adquisición Total de préstamos Signatura topográfica completa Código de barras Visto por última vez Precio de reemplazo Tipo de ítem Koha
    Clasificación Decimal Dewey     Biblioteca LadoV Biblioteca LadoV   17/11/2018   708 SA171m 002219 17/11/2018 17/11/2018 Material 01
    Clasificación Decimal Dewey     Biblioteca LadoV Biblioteca LadoV   17/11/2018   708 SA171m 002237 17/11/2018 17/11/2018 Material 01